00284nam a2200109Ia 4500008004100000082001600041100001400057245005700071260003000128300000800158650000800166191201s2013 xx 000 0 und d a368.32bSHG aSHARMA,KC 0aGeneral Insurance in India: Principles and Practices aN. DelhibRegal pubc2013 a328 aBBA